000 00624nam a22002177a 4500
003 UA-OsUOA
001 94179
007 ta
008 20130206b un ||||| |||| 00| 0 ukr d
100 _aІсіченко І.
090 _a82
_bИ99
942 _cSA
040 _aUA-OsUOA
_bukr
_cUA-OsUOA
_dUA-OsUOA
245 _aСакральний простір "Саду божественних пісень" Григорія Сковороди
300 _aС.52-63
955 _a0
041 _aukr
080 _a82
773 0 _w94170
650 7 _a82 Література. Літературознавство
_2UDC
999 _c380427
_d380427